Retail innovation in Britain : (Record no. 18043)
[ view plain ]
| 000 -LEADER | |
|---|---|
| fixed length control field | 00779 am a2200241ua 4500 |
| 001 - CONTROL NUMBER | |
| control field | 010114850 |
| 005 - DATE AND TIME OF LATEST TRANSACTION | |
| control field | 20140302114228.0 |
| 008 - FIXED-LENGTH DATA ELEMENTS--GENERAL INFORMATION | |
| fixed length control field | 850805t1984 xxua grb 001 0 eng d |
| 020 ## - INTERNATIONAL STANDARD BOOK NUMBER | |
| International Standard Book Number | 086094154X |
| 040 ## - CATALOGING SOURCE | |
| Original cataloging agency | Uk |
| Transcribing agency | Uk |
| 043 ## - GEOGRAPHIC AREA CODE | |
| Geographic area code | e-uk--- |
| 082 04 - DEWEY DECIMAL CLASSIFICATION NUMBER | |
| Classification number | 658.8780941 |
| Edition number | 22 |
| Item number | GAY |
| 100 1# - MAIN ENTRY--PERSONAL NAME | |
| Personal name | Gayler, Hugh J. |
| 9 (RLIN) | 35104 |
| 245 10 - TITLE STATEMENT | |
| Title | Retail innovation in Britain : |
| Remainder of title | the problems of out-of-town shopping centre development / |
| Statement of responsibility, etc | Hugh J. Gayler. |
| 260 ## - PUBLICATION, DISTRIBUTION, ETC. (IMPRINT) | |
| Place of publication, distribution, etc | Norwich, United States : |
| Name of publisher, distributor, etc | Geo Books, |
| Date of publication, distribution, etc | c.1984. |
| 300 ## - PHYSICAL DESCRIPTION | |
| Extent | iv, 143 p. : |
| Other physical details | tables ; |
| Dimensions | 24 cm. |
| 500 ## - GENERAL NOTE | |
| General note | Index : p.141-143. |
| 504 ## - BIBLIOGRAPHY, ETC. NOTE | |
| Bibliography, etc | Bibliography : p 133-140. |
| 650 #0 - SUBJECT ADDED ENTRY--TOPICAL TERM | |
| Topical term or geographic name as entry element | Supermarkets |
| Geographic subdivision | Great Britain |
| 9 (RLIN) | 35105 |
| 653 ## - INDEX TERM--UNCONTROLLED | |
| Resource For college | Generalities |
| Arrived date list | February2014 |
| 655 ## - INDEX TERM--GENRE/FORM | |
| Form subdivision | |
| -- | 34232 |
| 942 ## - ADDED ENTRY ELEMENTS (KOHA) | |
| Source of classification or shelving scheme | Dewey Decimal Classification |
| Call number prefix | 658.8780941 GAY |
| Withdrawn status | Item status | Source of classification or shelving scheme | Damaged status | Not for loan | Vendor | Home library | Current library | Shelving location | Date acquired | Source of acquisition | Total Checkouts | Full call number | Barcode | Date last seen | Koha item type |
|---|---|---|---|---|---|---|---|---|---|---|---|---|---|---|---|
| Dewey Decimal Classification | Donation-Gift | Central Library | Central Library | First floor | 06/02/2014 | Donation | 658.8780941 GAY | 000035597 | 15/07/2025 | Book - Borrowing |